Normal view MARC view

Entry Personal Name

Number of records used in: 3

001 - CONTROL NUMBER

  • control field: 17121

003 - CONTROL NUMBER IDENTIFIER

  • control field: dpl

005 - DATE AND TIME OF LATEST TRANSACTION

  • control field: 20100826112610.0

008 - FIXED-LENGTH DATA ELEMENTS

  • fixed length control field: 100826|||a|||||| | ||| d

040 ## - CATALOGING SOURCE

  • Original cataloging agency: dpl
  • Transcribing agency: dpl

100 ## - HEADING--PERSONAL NAME

  • Personal name: Karunanidhi ,S

670 ## - SOURCE DATA FOUND

  • Source citation: Work cat.: (dpl)42738: Karunanidhi ,S , The Women's Indian association /, 2008

670 ## - SOURCE DATA FOUND

  • Source citation: Work cat.: (dpl)42738: Karunanidhi ,S , The Women's Indian association /, 2008

© Delhi Public Library
Hit Counter
free hit counter